ระบบห้องสมุดอัตโนมัติ ULibM
วิทยาลัยพยาบาลบรมราชชนนี พระพุทธบาท
เปลี่ยนเป็นภาษาไทย

Change to English
 แสดงรายละเอียดบรรณานุกรม
  กลับหน้าหลัก

Brief Record : Get Marc (ISO 2709) : E-mail record : QR code ปิดหน้าต่าง
E-books : เกี่ยวกับ Collections
LEADER 00000nam 2200000uu 4500
001    13399125976
003     ULIBM
008    040651s2542 th a 000 0 tha d
020    9746762737
100    อัมพรพรรณ ธีรานุตร
245    โรคปอดอุดกั้นเรื้อรัง : การดูแลตนเองและการฟื้นฟูสภาพ = Chronic obstructive pulmonary disease : self-care and rehabilitation
250    พิมพ์ครั้งที่ 1
260    กรุงเทพฯ :^bศิริภัฒฑ์ออฟเซ็ท,^c2542
300    251 หน้า
650    ปอด--โรคปอดอุดกั้นเรื้อรัง^xโรคปอดอุดกั้นเรื้อรัง--การพยาบาล^yผู้ป่วย--การดูแลตนเอง^zผู้ป่วย--การฟืันฟูสภาพ
999    ^aน.ส.สุพรรษา เริงรื่น
รายการนี้ยังไม่มีแท็ก
คุณยังไม่ได้ล็อกอิน คุณสามารถมีกิจกรรมร่วมกับเว็บไซต์ได้ แต่ต้องล็อกอินก่อน ::
  ล็อกอิน
ไม่มีไอเทมให้บริการ
ไม่มีไอเทมให้บริการ
รายการใกล้เคียง
    ผู้แต่ง [อัมพรพรรณ ธีรานุตร]

Bib 13399125976